| 000 | 00478nam a22001577a 4500 | ||
|---|---|---|---|
| 999 |
_c60569 _d60569 |
||
| 005 | 20230906170916.0 | ||
| 008 | 230906s2002 gw ||||| |||| 00| 0 ger d | ||
| 020 | _a9783931743574 | ||
| 041 | _ager | ||
| 080 | _a902 S-44 | ||
| 100 |
_aSeidel, Yvonne _919779 |
||
| 245 |
_aDie Öllampen : _b in der Sammlung Antiker Kleinkunst der Friedrich-Schiller-Universität Jena _cYvonne Seidel. |
||
| 264 |
_aJena: _bVerlag, _c2002. |
||
| 300 |
_a143 p.: _bill.; _c23 cm. |
||
| 942 |
_2udc _cBK |
||